<?xml version="1.0" encoding="UTF-8"?>
<record
    xmlns:xsi="http://www.w3.org/2001/XMLSchema-instance"
    xsi:schemaLocation="http://www.loc.gov/MARC21/slim http://www.loc.gov/standards/marcxml/schema/MARC21slim.xsd"
    xmlns="http://www.loc.gov/MARC21/slim">

  <leader>01591namaa22003251i 4500</leader>
  <controlfield tag="005">20260429121145.0</controlfield>
  <controlfield tag="008">260429s1995    ua a|||frm||| 000 0 eng d</controlfield>
  <datafield tag="040" ind1=" " ind2=" ">
    <subfield code="a">EG-GICUC</subfield>
    <subfield code="b">eng</subfield>
    <subfield code="c">EG-GICUC</subfield>
    <subfield code="d">EG-GICUC</subfield>
    <subfield code="e">rda</subfield>
  </datafield>
  <datafield tag="041" ind1="0" ind2=" ">
    <subfield code="a">eng</subfield>
    <subfield code="b">eng</subfield>
    <subfield code="b">ara</subfield>
  </datafield>
  <datafield tag="049" ind1=" " ind2=" ">
    <subfield code="a">Deposit</subfield>
  </datafield>
  <datafield tag="097" ind1=" " ind2=" ">
    <subfield code="a">M.Sc</subfield>
  </datafield>
  <datafield tag="099" ind1=" " ind2=" ">
    <subfield code="a">Cai01.11.18.M.Sc.1995.Ga.P</subfield>
  </datafield>
  <datafield tag="100" ind1="0" ind2=" ">
    <subfield code="a">Gamal Mohammed Nasr,</subfield>
    <subfield code="e">preparation.</subfield>
  </datafield>
  <datafield tag="245" ind1="1" ind2="0">
    <subfield code="a">Prevalence of hyperinsulinemia in hypertensive subjects and its relation to cardiac performance /</subfield>
    <subfield code="b"> </subfield>
    <subfield code="c">By Gamal Mohammed Nasr ; Supervisors Prof. Dr. Mohammed Reda Awaden, Dr. Sahar Abd -El- Rahman Nassef, Dr. Nadeda Abd -El- Hamed Gohar</subfield>
  </datafield>
  <datafield tag="246" ind1="1" ind2="5">
    <subfield code="a">&#x645;&#x62F;&#x64A; &#x627;&#x646;&#x62A;&#x634;&#x627;&#x631; &#x627;&#x631;&#x62A;&#x641;&#x627;&#x639; &#x645;&#x633;&#x62A;&#x648;&#x64A; &#x647;&#x631;&#x645;&#x648;&#x646; &#x627;&#x644;&#x627;&#x646;&#x633;&#x648;&#x644;&#x64A;&#x646; &#x642;&#x64A; &#x645;&#x631;&#x636;&#x64A; &#x627;&#x631;&#x62A;&#x641;&#x627;&#x639; &#x636;&#x63A;&#x637; &#x627;&#x644;&#x62F;&#x645; &#x648;&#x639;&#x644;&#x627;&#x642;&#x62A;&#x647; &#x628;&#x643;&#x641;&#x627;&#x621;&#x629; &#x639;&#x636;&#x644;&#x629; &#x627;&#x644;&#x642;&#x644;&#x628;</subfield>
  </datafield>
  <datafield tag="264" ind1=" " ind2="0">
    <subfield code="c">1995.</subfield>
  </datafield>
  <datafield tag="300" ind1=" " ind2=" ">
    <subfield code="a">141 Leaves</subfield>
    <subfield code="b">illustrations </subfield>
    <subfield code="c">30 cm. + </subfield>
  </datafield>
  <datafield tag="336" ind1=" " ind2=" ">
    <subfield code="2">rda content</subfield>
    <subfield code="a">text</subfield>
  </datafield>
  <datafield tag="337" ind1=" " ind2=" ">
    <subfield code="2">rdamedia</subfield>
    <subfield code="a">Unmediated</subfield>
  </datafield>
  <datafield tag="338" ind1=" " ind2=" ">
    <subfield code="2">rdacarrier</subfield>
    <subfield code="a">volume</subfield>
  </datafield>
  <datafield tag="502" ind1=" " ind2=" ">
    <subfield code="a">Thesis (M.Sc.)-Cairo University, 1995</subfield>
  </datafield>
  <datafield tag="504" ind1=" " ind2=" ">
    <subfield code="a">Bibliography: pages 114-141</subfield>
  </datafield>
  <datafield tag="653" ind1=" " ind2="0">
    <subfield code="a">Prevalence of hyperinsulinemia</subfield>
    <subfield code="a">hypertensive subjects and its relation to cardiac performance</subfield>
  </datafield>
  <datafield tag="700" ind1="0" ind2=" ">
    <subfield code="a">Mohammed Reda Awaden</subfield>
    <subfield code="e">thesis advisor.</subfield>
  </datafield>
  <datafield tag="700" ind1="0" ind2=" ">
    <subfield code="a">Sahar Abd -El- Rahman Nassef</subfield>
    <subfield code="e">thesis advisor.</subfield>
  </datafield>
  <datafield tag="700" ind1="0" ind2=" ">
    <subfield code="a">Nadeda Abd -El- Hamed Gohar</subfield>
    <subfield code="e">thesis advisor.</subfield>
  </datafield>
  <datafield tag="900" ind1=" " ind2=" ">
    <subfield code="D">Department of internal Medicine</subfield>
    <subfield code="F">Faculty of Medicine</subfield>
    <subfield code="U">Cairo University</subfield>
    <subfield code="b">1995</subfield>
    <subfield code="c">Mohammed Reda Awaden</subfield>
    <subfield code="c">Sahar Abd -El- Rahman Nassef</subfield>
    <subfield code="c">Nadeda Abd -El- Hamed Gohar</subfield>
  </datafield>
  <datafield tag="905" ind1=" " ind2=" ">
    <subfield code="a">Nehad</subfield>
  </datafield>
  <datafield tag="942" ind1=" " ind2=" ">
    <subfield code="2">ddc</subfield>
    <subfield code="c">TH</subfield>
    <subfield code="e">21</subfield>
    <subfield code="n">0</subfield>
  </datafield>
  <datafield tag="999" ind1=" " ind2=" ">
    <subfield code="c">179806</subfield>
  </datafield>
  <datafield tag="952" ind1=" " ind2=" ">
    <subfield code="2">ddc</subfield>
    <subfield code="9">317320</subfield>
    <subfield code="a">CUCL</subfield>
    <subfield code="b">100</subfield>
    <subfield code="d">2026-04-29</subfield>
    <subfield code="i">26396</subfield>
    <subfield code="o">Cai01.11.18.M.Sc.1995.Ga.P</subfield>
    <subfield code="p">01010110026396000</subfield>
    <subfield code="r">2026-04-29 11:12:53</subfield>
    <subfield code="w">2026-04-29</subfield>
    <subfield code="y">TH</subfield>
  </datafield>
</record>
